Martin Luther King Jr. or Malcolm X? Quiz Stats

 Plays Quiz Updated Feb 21, 2019

     
Support Sporcle.
Go Orange.
Score 0/20 Timer 05:00
0 Plays Today
Quote 'K' or 'X' % Correct
'Faith is taking the first step even when you don't see the whole staircase'???
89.4%
'Life's most persistent and urgent question, 'What are you doing for others?''???
77.2%
'How can you thank a man for giving you what's already yours?'???
76.2%
'The ultimate measure of a man is not where he stands in moments of comfort and convenience, but where he stands at times of challenge and controversy.'???
73.1%
'Never succumb to the temptation of bitterness.'???
71.4%
'Our lives begin to end the day we become silent about things that matter.'???
67.1%
“If you’re not ready to die for it, put the word ‘freedom’ out of your vocabulary.”???
66.4%
'The moral arc of the universe bends at the elbow of justice.'???
65.3%
'Segregation is the adultery of an illicit intercourse between injustice and immorality'???
59.8%
'Without education, you're not going anywhere in this world'???
58.7%
Quote 'K' or 'X' % Correct
“You don’t have to be a man to fight for freedom. All you have to do is to be an intelligent human being.”???
51.6%
'Truth is on the side of the oppressed'???
50.4%
'The future belongs to those who prepare for it today.'???
49.7%
'Never forget that everything Hitler did in Germany was legal'???
46.5%
'A man who won't die for something is not fit to live'???
44.5%
'Riots are the voices of the unheard'???
43.8%
'Wrong is wrong, no matter who does it or who says it'???
41.7%
'You can't separate peace from freedom because no one can be at peace unless he has his freedom'???
41.2%
“A man who stands for nothing will fall for anything.”???
40%
“Stumbling is not falling.”???
39.4%

From the Vault

Cartoon Character Blitz II

by Thebiguglyalien

This quiz is far from Kim Possible.
Remove Ads.
Support Sporcle.
Get the best of Sporcle when you Go Orange. This ad-free experience offers more features, more stats, and more fun while also helping to support Sporcle. Thank you for becoming a member.

Show Comments

Extras

Top Quizzes Today


Score Distribution

Your Account Isn't Verified!

In order to create a playlist on Sporcle, you need to verify the email address you used during registration. Go to your Sporcle Settings to finish the process.

Report this User

Report this user for behavior that violates our Community Guidelines.

Details: